000 00775nam a2200241 a 4500
001 000045413
003 DO-SdBNP
005 20240314073720.0
007 ta
008 090708s2013 dr a 000 0bspa d
040 _aDO-SdBNP
_bspa
_cBNPHU
082 _aF-RD xxx
_bD812b
_222
100 1 _aDuarte, Juan Pablo,
_d1813-1876
_91494
245 1 0 _aBicentenario del Padre de la Patria Juan Pablo Duarte
246 1 _aHomilía pronunciada por Nicolás de Jesús Cardenal López Rodríguez
260 _aSanto Domingo :
_bRafael Bello Peguero,
_c2013.
300 _a11 p. ;
_c24 cm.
590 _aInventariado, 2022 / DG
600 1 0 _aDuarte, Juan Pablo,
_d1813-1876
_91494
700 1 _aAlfau Durán, Vetilio,
_d1909-1985
_910091
910 _aDG
942 _2ddc
_cLF2
999 _c52446
_d52446